|
|
|
|
| LEADER |
00000ny a22000003n 4500 |
| 005 |
20110609104010.0 |
| 008 |
080701s1999 sp s 000 0 spa c |
| 020 |
|
|
|a 8460592871
|
| 035 |
|
|
|a 43
|
| 040 |
|
|
|a UMA.RE
|d vLex
|
| 080 |
|
|
|a 349.2(460)(075.8)(0.034)
|
| 090 |
|
|
|c 590
|d 590
|
| 100 |
1 |
|
|a Sur̀ez Vivero, Javier
|
| 245 |
1 |
0 |
|a Manual Prc̀tico Laboral
|h [Recurso electrn̤ico]
|c Javier Sur̀ez Vivero ; Mara̕ Jos ̌Marn̕ Correa... [et al.]
|
| 256 |
|
|
|a Servicio en ln̕ea
|
| 260 |
|
|
|a Madrid :
|b Instituto Espaǫl de Gestin̤ y Direccin̤ Empresarial,
|c 1999
|
| 300 |
|
|
|a p. ;
|c cm
|
| 506 |
1 |
|
|a Contenido solo disponible en los productos indicados
|d vLex Global
|d vLex Global (Academic Edition, excluding Law Schools)
|d vLex Global (U.S. Academic Edition, Law Schools)
|d vLex Global (U.S. Academic Edition, excluding Law Schools)
|d vLex Global (Academic Edition, Law Schools)
|
| 650 |
0 |
7 |
|a Laboral
|2 Tesauro vLex
|
| 650 |
0 |
7 |
|a Contrato de trabajo
|2 Tesauro vLex
|
| 650 |
0 |
7 |
|a Relaciones laborales
|2 Tesauro vLex
|
| 650 |
0 |
7 |
|a Jornada de trabajo
|2 Tesauro vLex
|
| 650 |
0 |
7 |
|a Horario de trabajo
|2 Tesauro vLex
|
| 650 |
0 |
7 |
|a Salario
|2 Tesauro vLex
|
| 650 |
0 |
7 |
|a Condiciones de trabajo
|2 Tesauro vLex
|
| 650 |
0 |
7 |
|a Extincin̤ del contrato de trabajo
|2 Tesauro vLex
|
| 650 |
0 |
7 |
|a Subcontratas de obras y servicios
|2 Tesauro vLex
|
| 650 |
0 |
7 |
|a Negociacin̤ colectiva
|2 Tesauro vLex
|
| 650 |
0 |
7 |
|a Negociacin̤ colectiva
|2 Tesauro vLex
|
| 650 |
0 |
7 |
|a Inspeccin̤ de trabajo
|2 Tesauro vLex
|
| 650 |
0 |
7 |
|a Grupos de empresas
|2 Tesauro vLex
|
| 700 |
1 |
|
|a Garca̕ Blasco, Juan
|
| 710 |
2 |
|
|a Instituto de Gestin̤ y Direccin̤ Empresarial
|
| 740 |
0 |
|
|a vLex Libros (Servicios en ln̕ea)
|
| 856 |
4 |
0 |
|u http://vlex.com/source/43
|z Acceso restringido
|
| 942 |
|
|
|c BOOK
|
| 999 |
0 |
|
|a Labor laws and legislation
|b Madrid
|